Luật doanh nghiệp và các văn bản hướng dẫn thi hành

Bewaard in:
Bibliografische gegevens
Formaat: Boek
Taal:Undetermined
Gepubliceerd in: Hà Nội Chính trị Quốc gia 2004
Onderwerpen:
Tags: Voeg label toe
Geen labels, Wees de eerste die dit record labelt!
Thư viện lưu trữ: Trung tâm Học liệu Trường Đại học Cần Thơ
LEADER 00608nam a2200193Ia 4500
001 CTU_87650
008 210402s9999 xx 000 0 und d
020 |c 38500 
082 |a 346.597065 
082 |b L504 
245 0 |a Luật doanh nghiệp và các văn bản hướng dẫn thi hành 
260 |a Hà Nội 
260 |b Chính trị Quốc gia 
260 |c 2004 
650 |a Business enterprise,Commercial law,Economics 
650 |x Law and legislation,Law and legislation 
650 |z Vietnam 
904 |i M. Loan 
980 |a Trung tâm Học liệu Trường Đại học Cần Thơ